Scottish house prices rise by 83% since 2000 (Record no. 82889)

MARC details
000 -LEADER
fixed length control field 00954cab a22002055a 4500
001 - CONTROL NUMBER
control field E152050
008 - FIXED-LENGTH DATA ELEMENTS--GENERAL INFORMATION
fixed length control field 110131e20110131xxk 000 0 eng u
035 ## - SYSTEM CONTROL NUMBER
System control number (Sirsi) u152050
041 0# - LANGUAGE CODE
Language code of text/sound track or separate title eng
110 2# - MAIN ENTRY--CORPORATE NAME
Corporate name or jurisdiction name as entry element Bank of Scotland
9 (RLIN) 5792
245 00 - TITLE STATEMENT
Title Scottish house prices rise by 83% since 2000
Medium [electronic resource]
260 ## - PUBLICATION, DISTRIBUTION, ETC.
Date of publication, distribution, etc. 2011
490 ## - SERIES STATEMENT
Series statement Bank of Scotland Press Release
Volume/sequential designation 31 January 2011
520 ## - SUMMARY, ETC.
Summary, etc. Suggests that house prices in Scotland have increased by 83% since 2000, with the national average price increasing from £61 039 in 2000 to £111 780 at the end of 2010. UK house prices rose by 91% over the same period.
590 ## - LOCAL NOTE (RLIN)
Local note KA
651 #4 - SUBJECT ADDED ENTRY--GEOGRAPHIC NAME
Geographic name Scotland
Chronological subdivision 1999-
690 ## - LOCAL SUBJECT ADDED ENTRY--TOPICAL TERM (OCLC, RLIN)
Topical term or geographic name as entry element PROPERTY-RESIDENTIAL PROPERTY-DOMESTIC RESIDENTIAL PROPERTY-HOUSING
856 40 - ELECTRONIC LOCATION AND ACCESS
Uniform Resource Identifier <a href="https://www.lloydsbankinggroup.com/media/pdfs/bos/2011/SCOTLAND_ten_years_houseprice.pdf">https://www.lloydsbankinggroup.com/media/pdfs/bos/2011/SCOTLAND_ten_years_houseprice.pdf</a>
Public note View the news release free of charge at www.lloydsbankinggroup.com...
942 ## - ADDED ENTRY ELEMENTS (KOHA)
Suppress in OPAC 0
Holdings
Withdrawn status Lost status Source of classification or shelving scheme Damaged status Not for loan Home library Current library Shelving location Date acquired Total Checkouts Full call number Barcode Date last seen Copy number Price effective from Koha item type
    Dewey Decimal Classification     Virtual Virtual Online 31/01/2011   ONLINE PUBLICATION 152050-1001 06/08/2019 1 06/08/2019 Book